Dallas Mavericks Triple Double - Statistics

General Stats
  • This quiz has been taken 150 times
    59 since last reset
  • The average score is 5 of 14
Answer Stats
Player Nb Last % Correct
Dirk Nowitzki 2 2010
98%
Luka Dončić 80 2024
98%
Jason Kidd 21 2011
87%
Steve Nash 1 2003
63%
Mark Aguirre 2 1985
43%
Anthony Davis 1 2025
35%
Michael Finley 6 2000
31%
Dennis Smith Jr. 2 2019
22%
Shawn Bradley 1 1998
15%
Antoine Walker 2 2004
6%
Theo Pinson 1 2023
4%
Detlef Schrempf 1 1987
0%
Raymond Felton 1 2015
0%
Rodney McCray 1 1992
0%
No matching quizzes found
Score Distribution
Percent of People with Each Score
Percentile by Number Answered
Your Score History
You have not taken this quiz since the last reset